Capitales sans lettres communes avec leur pays - Statistiques

Statistiques générales
  • Ce quiz a été pris 87 fois
    6 depuis la dernière actualisation
  • Le résultat moyen est 3 sur 6
Statistiques - réponses
Continents Capitales % Correct
Amérique du Sud Lima
100%
Amérique du Sud Montevideo
67%
Asie Jakarta
50%
Océanie Suva
17%
Europe Vaduz
17%
Afrique Victoria
17%
Aucun quiz correspondant
Distribution des résultats
% des personnes avec chaque résultat
Percentile par nombre de réponses
Votre historique - résultats
Vous n’avez pas pris ce quiz depuis la dernière actualisation